| 000 | 00698nam a2200301Ia 4500 | ||
|---|---|---|---|
| 005 | 20260401122046.0 | ||
| 008 | 008 250103s9999 xx 000 0 eng d | ||
| 020 | _a019512734X | ||
| 037 | _aTB | ||
| 040 | _aEDL | ||
| 040 | _beng | ||
| 040 | _cEDL | ||
| 041 | _2eng | ||
| 041 | _aeng | ||
| 084 | _a891.21 SEL | ||
| 084 | _qEDL | ||
| 100 |
_aSelby, Martha Ann _91232464 |
||
| 245 | 0 | _aGrow Long, Blessed Night: Love Poems from Classical India | |
| 245 | 0 | _cSelby, Martha Ann | |
| 260 | _aOxford | ||
| 260 | _bOxford University Press | ||
| 260 | _c2000 | ||
| 300 | _a265p | ||
| 942 | _cTB | ||
| 942 | _h891.21 SEL | ||
| 999 |
_c1844635 _d1844635 |
||